Indian poetry : (Record no. 128781)

MARC details
000 -LEADER
fixed length control field 00691nam a22002297a 4500
005 - DATE AND TIME OF LATEST TRANSACTION
control field 20170124110045.0
010 ## - LIBRARY OF CONGRESS CONTROL NUMBER
LC control number B-031768
020 ## - INTERNATIONAL STANDARD BOOK NUMBER
Terms of availability 175.00
International Standard Book Number 8126010924
035 ## - SYSTEM CONTROL NUMBER
System control number B-031768
037 ## - SOURCE OF ACQUISITION
Source of stock number/acquisition Cen Lib/Ret
040 ## - CATALOGING SOURCE
Original cataloging agency DPL
Language of cataloging EN
082 ## - DEWEY DECIMAL CLASSIFICATION NUMBER
Classification number 808.8108
Item number IND
245 ## - TITLE STATEMENT
Title Indian poetry :
Statement of responsibility, etc edited by K. Satchidanandan
Remainder of title modernism and after : a seminar /
246 ## - VARYING FORM OF TITLE
Remainder of title
260 ## - PUBLICATION, DISTRIBUTION, ETC. (IMPRINT)
Name of publisher, distributor, etc New Delhi
Place of publication, distribution, etc Sahitya Akademi
Date of publication, distribution, etc 1998
270 ## - ADDRESS
City Delhi
Address Rabindra Bhavan 35, Ferozrshah Road
Postal code 110001
300 ## - PHYSICAL DESCRIPTION
Extent xviii,370p.
Dimensions 21cm(Hb)
650 ## - SUBJECT ADDED ENTRY--TOPICAL TERM
Topical term or geographic name as entry element Poetry
9 (RLIN) 107439
650 ## - SUBJECT ADDED ENTRY--TOPICAL TERM
Topical term or geographic name as entry element Indic poetry
9 (RLIN) 23314
700 ## - ADDED ENTRY--PERSONAL NAME
Personal name Satchidanandan, K.
9 (RLIN) 19777
942 ## - ADDED ENTRY ELEMENTS (KOHA)
Source of classification or shelving scheme Dewey Decimal Classification
Koha item type English Books
Classification part 808.8108
Call number suffix IND
Holdings
Withdrawn status Lost status Damaged status Not for loan Home library Current library Date acquired Source of acquisition Cost, normal purchase price Total Checkouts Full call number Barcode Date last seen Copy number Cost, replacement price Price effective from Koha item type Public note
Written off       Central Library Central Library 03/07/2015 Cen Lib/Ret 175.00   808.8108 IND B-031768 03/07/2015 1 175.00 03/07/2015 English Books W/d List No. 3394/25:Dtd 05/04/21

© Delhi Public Library
Hit Counter
free hit counter